📖 150 premiers mots "Les combustibles" AmĂ©lie Nothomb - Statistiques

Statistiques générales
  • Ce quiz a Ă©tĂ© pris 13 fois
  • Le rĂ©sultat moyen est 76 sur 150
Statistiques - réponses
Mots % Correct
Ă 
100%
j'
100%
la
100%
le
100%
Le
100%
-Le
100%
m'
100%
n'
100%
s'
100%
ai
91%
Au
91%
C'
91%
d'
91%
Daniel
91%
de
91%
est
91%
et,
91%
et
91%
il
91%
Il
91%
Je
91%
les
91%
on
91%
en
82%
me
82%
mon
82%
qu'
82%
un
82%
Un
82%
une
82%
du
73%
mais
73%
y
73%
pas.
64%
sur
64%
dans
55%
ni
55%
par
55%
piĂšce,
55%
son
55%
tout
55%
années
45%
années,
45%
cinquantaine
45%
homme
45%
quand
45%
-Vous
45%
assis
36%
assis. ...
36%
chaise
36%
livres
36%
manteau
36%
trentaine
36%
avant
27%
déjà ?
27%
fini
27%
fond
27%
froid
27%
prend
27%
prĂšs
27%
pull
27%
bibliothĂšque
18%
bois
18%
bureau,
18%
enlĂšve
18%
Entre
18%
fonte.
18%
genoux.
18%
gros
18%
guerre.
18%
heure.
18%
lit ;
18%
moins
18%
poĂȘle
18%
poĂȘle.
18%
porte
18%
quelques
18%
tient
18%
vĂȘtu
18%
assied.
9%
beaucoup
9%
dormir.
9%
écrit
9%
empĂȘchait
9%
fou
9%
lever.
9%
liasse
9%
papiers
9%
reste
9%
salle
9%
bizarre,
0%
chaises
0%
col
0%
couvre
0%
dénuement :
0%
-Depuis
0%
devenais
0%
droite,
0%
énorme
0%
étiez
0%
fauteuil,
0%
frappe
0%
gĂšle
0%
immense
0%
matinal,
0%
mur.
0%
roulé.
0%
seulement
0%
surchargée
0%
tables,
0%
travaillez
0%
Aucun quiz correspondant
Distribution des résultats
% des personnes avec chaque résultat
Percentile par nombre de réponses
Votre historique - résultats
Vous n’avez pas pris ce quiz